000 00581nam a2200205 i 4500
001 3197672
005 20250715161226.0
008 770316s1975 enk 000 0 eng
020 _a0851103871 :
_c£0.75
020 _a9780851103877
050 0 0 _aBT121.2
_b.S85 1975
082 0 0 _a231/.3
100 1 _aStott, John R. W.
245 1 0 _aBaptism and fullness :
_bthe work of the Holy Spirit today /
_c[by] John R. W. Stott.
250 _a2nd ed.
260 _aLondon :
_bInter-Varsity Press,
_c1975.
300 _a119 p. ;
_c18 cm.
650 0 _aHoly Spirit.
942 _2lcc
_cBK
_n0
999 _c6973
_d6973